| 000 | 00500cam a2200205ua 4500 | ||
|---|---|---|---|
| 020 | _c8.75 | ||
| 041 |
_aeng _h |
||
| 082 |
_a530.11 _bLOR/PR |
||
| 100 | _aLorentz, H A . | ||
| 245 |
_aPrinciple of relativity / _cH A Lorentz. _hTextual Documents |
||
| 260 |
_aNew York : _bDover Publications , _c1923. |
||
| 300 | _a216 ; . | ||
| 365 | _a8.75 | ||
| 504 | _a | ||
| 700 | 1 | _aEinstein, Albert. | |
| 700 | 1 | _aMinkowski, H . | |
| 700 | 1 | _aWeyl, H . | |
| 942 | _cBK | ||
| 999 |
_c9060 _d9060 |
||